000
00313nam a22001337a 4500
008
171107b xxu||||| |||| 00| 0 eng d
020
_a
9780077236533
041
_a
eng
080
_2
6 ED
_a
330.722.6
100
_a
62
101
_a
KON
245
_a
MANAGERIAL ACCOUTING MANAGERS
_c
NOREEN,B
942
_2
udc
_c
BK
999
_c
37969
_d
37969